| 000 | 00707cam a2200193 a 4500 | ||
|---|---|---|---|
| 020 | _a9780312474447 (Student edition pbk. : alk. paper) | ||
| 020 | _a031247444X (Student edition pbk. : alk. paper) | ||
| 020 | _a9780312535544 (Instructor's edition pbk. : alk. paper) | ||
| 020 | _a0312535546 (Instructor's edition pbk. : alk. paper) | ||
| 050 | 0 | 0 |
_aPE1417 _b.B36 2010 |
| 100 | 1 | _aBarrios, Barclay. | |
| 245 | 1 | 0 |
_aEmerging : _bcontemporary readings for writers / _cBarclay Barrios. |
| 250 | _a1st ed. | ||
| 260 |
_aBoston, Mass. : _bBedford/St. Martins, _cc2010. |
||
| 300 | _axxii, 517 p. : | ||
| 650 | 0 |
_xRhetoric _vProblems, exercises, etc. |
|
| 650 | 0 | _vProblems, exercises, etc. | |
| 942 |
_2lcc _cGEN |
||
| 999 |
_c9294 _d9294 |
||